[Event "Pula zt"]
[Site "Pula"]
[Date "1975.??.??"]
[Round "?"]
[White "Urzica, Aurel"]
[Black "Knaak, Rainer"]
[Result "0-1"]
[WhiteElo "2250"]
[BlackElo "2510"]

1.e4 g6 2.d4 Bg7 3.Nc3 d6 4.f4 Nc6 5.Be3 Nf6 6.h3 O-O 7.g4 e5 8.dxe5 dxe5
9.f5 Qxd1+ 10.Rxd1 Nd4 11.Bd3 Rd8 12.Nce2 b6 13.c3 Nxe2 14.Nxe2 Bb7 15.Ng3 Rd6
16.Bc2 gxf5 17.gxf5 Rad8 18.Ke2 Ba6+ 19.Kf3 h6 20.Rdg1 Kh7 21.Rh2 Bd3 22.Nh1 Bxc2
23.Rxc2 h5 24.Nf2 Bh6 25.Rcc1 Bxe3 26.Kxe3 Kh6 27.a4 c5 28.Rcd1 Rxd1 29.Nxd1 c4
30.Nf2 Rc8 31.Kf3 Rc5 32.Nd1 Ra5 33.Ne3 Rxa4 34.Nd5 Nh7 35.h4 Ra2 36.Rg2 Ra1
37.f6 Rf1+ 38.Ke2 Rh1 39.Rg7 Nxf6 40.Rxf7 Nxe4 41.Rxa7 Rxh4 42.Nxb6 Nf6 43.Ra5 Re4+
44.Kf3 Rf4+ 45.Kg3 h4+ 46.Kh3 Ne4 47.Rxe5 Ng5+ 48.Kg2 Rg4+ 49.Kf2 h3 50.Re1 Rg2+
51.Ke3 Rg4 52.Kf2 Kh5 53.Nd5 Rg2+ 54.Ke3 Rg3+ 55.Kf2 Rf3+ 56.Ke2 Kh4 57.Ne3 Rf6
58.Rf1 Re6 59.Rf4+ Kh5 60.Rf8 Kg6 61.Rf1 Re7 62.Rd1 Kh5 63.Kf2 Rf7+ 64.Ke2 Ne4
65.Nf1 Re7 66.Ne3 h2 67.Kf3 Ng5+ 68.Kf2 Nh3+ 69.Kg3 Rxe3+ 70.Kxh2 Ng5 71.Kg2 Kg4
72.Kf2 Re4 73.b3 Nh3+ 74.Kf1 Rf4+ 75.Ke2 Rf2+ 76.Ke3 cxb3 77.Rb1 b2 78.c4 Kf5
79.Kd4 Ng5 80.c5 Ne6+ 81.Kd5 Rc2 82.c6 Kf6 83.Ke4 Nc5+ 84.Kd5 Na4 85.Kd6 Rc1
86.Rxb2 Nxb2 87.c7 Na4  0-1

[Event "Quito"]
[Site "Quito"]
[Date "1975.??.??"]
[Round "5"]
[White "Yepez, Olavo"]
[Black "Idrovo, Franklin"]
[Result "1/2-1/2"]
[WhiteElo "2370"]
[BlackElo "2200"]

1.e4 g6 2.d4 Bg7 3.Nc3 d6 4.f4 e6 5.Nf3 Ne7 6.Be3 c6 7.a4 O-O 8.Be2 a5 9.O-O f5
10.Qd2 Nd7 11.e5 d5 12.h3 Re8 13.g4 Nf8 14.Nd1 b6 15.b3 Qc7 16.c4 Ba6 17.Nc3 Qb7
18.Rac1 Red8 19.Qa2 Rdb8 20.Rfd1 Qd7 21.Bf2 Bh6 22.Qd2 fxg4 23.hxg4 g5 24.fxg5 Bg7
25.Nh4 Nfg6 26.Nxg6 hxg6 27.Be3 Rf8 28.cxd5 exd5 29.Rf1 Bxe2 30.Qxe2 Rxf1+
31.Rxf1 Rf8 32.Bf4 Qe6 33.Kg2 Rb8 34.Kg3 b5 35.Rf3 b4 36.Nd1 c5 37.dxc5 Nc6
38.Rd3 Rf8 39.Nf2 Qf7 40.Nh3 Qe6 41.Nf2 Re8  1/2-1/2

[Event "URS-chT"]
[Site "Riga"]
[Date "1975.??.??"]
[Round "?"]
[White "Kirpichnikov, Vladimir S"]
[Black "Arutiunov, Albert"]
[Result "1/2-1/2"]
[WhiteElo "2200"]
[BlackElo "2200"]

1.e4 g6 2.d4 Bg7 3.Nc3 d6 4.Be3 c6 5.Qd2 b5 6.Bd3 Nd7 7.Nge2 Bb7 8.f4 Ngf6
9.Ng3 Nb6 10.h3 Rc8 11.O-O O-O 12.b4 c5 13.bxc5 dxc5 14.dxc5 Nfd7 15.Rab1 Nxc5
16.Nxb5 Nba4 17.Nxa7 Ra8 18.Nb5 Bc6 19.Rfd1 Nxd3 20.Qxd3 Qxd3 21.Rxd3 Nb2
22.Rb3 Nc4 23.Bc1 Rxa2 24.c3 f5 25.Rb4 Nd6 26.Nxd6 exd6 27.Rb6 Bxe4 28.Nxe4 fxe4
29.Rxd6 Bxc3 30.Re6 Re2 31.Kh2 Re1 32.Reb6 Bd4 33.Rb8 Rxb8 34.Rxb8+ Kf7 35.Ba3 e3
36.Rb7+ Ke6 37.Rxh7 Kd5 38.Kg3 Rf1 39.Re7 g5 40.fxg5 Be5+ 41.Kg4 e2 42.Bb4 Rb1
43.Bc3 Bxc3 44.Rxe2 Rb4+ 45.Kf5 Rb8 46.g6 Rf8+ 47.Kg4 Rg8 48.Kg5 Rf8 49.h4 Kd6
50.Ra2 Bf6+ 51.Kg4 Rc8 52.Kf5 Bg7 53.Ra7 Rc5+ 54.Kg4 Rc4+ 55.Kg5 Rc5+  1/2-1/2

[Event "URS-chT"]
[Site "Riga"]
[Date "1975.??.??"]
[Round "?"]
[White "Zatulovskaya, Tatiana"]
[Black "Alieva, Elvira"]
[Result "1-0"]
[WhiteElo "2220"]
[BlackElo "2000"]

1.e4 g6 2.d4 Bg7 3.Nc3 d6 4.Be3 c6 5.Qd2 b5 6.h4 h5 7.Nh3 Nf6 8.f3 a6 9.Nf2 Nbd7
10.Be2 Qc7 11.g4 Bb7 12.g5 Ng8 13.f4 e6 14.Rf1 Ne7 15.O-O-O O-O-O 16.Bf3 Qa5
17.Kb1 b4 18.Ne2 Nb6 19.Qd3 c5 20.c4 Na4 21.Bc1 Nc6 22.d5 Nd4 23.Nxd4 Bxd4
24.dxe6 fxe6 25.e5 Bxf3 26.Qxf3 d5 27.cxd5 exd5 28.f5 Rh7 29.Rxd4 cxd4 30.Nd3 Rb7
31.Kc2 Nc3 32.bxc3 Qxa2+ 33.Kd1 dxc3 34.Qe2 Qc4 35.Rf4 d4 36.e6 gxf5 37.Rxf5 Rc7
38.Qe4 c2+ 39.Ke2 Qc6 40.Qxc6 Rxc6 41.Nxb4 Rxe6+ 42.Kd3 Rb6 43.Rc5+ Kb7 44.Nd5 Rb3+
45.Kxc2 Rh3 46.Rc7+ Kb8 47.Bf4 Rc8 48.g6 Rxh4 49.Rxc8+ Kxc8 50.g7 Rg4 51.g8=Q+ Rxg8
52.Ne7+ Kd7 53.Nxg8 Ke6 54.Kd3 h4 55.Kxd4 h3 56.Nh6 a5 57.Bb8 Kf6 58.Ng4+ Kf5
59.Nh2 a4 60.Kc3 a3 61.Kb3 a2 62.Kxa2 Ke4 63.Kb3 Kd4 64.Kb4 Kd5 65.Kc3 Kc6
66.Kd3 Kb7 67.Be5 Kc6 68.Ke4 Kc5 69.Kf3 Kd5 70.Bb8 Kd4 71.Kg3 Kd5 72.Kxh3 Ke4
73.Kg3 Kd5 74.Kf3 Kd4 75.Ng4 Kd5 76.Ke3 Kc4 77.Ke4 Kc3 78.Ne5 Kd2 79.Ba7 Ke2
80.Be3 Ke1 81.Nc4 Kf1 82.Kf3 Ke1 83.Bf2+ Kd1 84.Ke3 Kc2 85.Be1 Kd1 86.Ba5 Kc2
87.Ke2 Kb3 88.Nd6 Kc2 89.Bd2 Kb2 90.Kd3 Kb3 91.Bc3 Ka4 92.Kc4 Ka3 93.Nf5 Ka2
94.Bb4 Kb2 95.Nd4 Kc1 96.Kc3 Kd1 97.Kd3 Kc1 98.Nf5 Kb2 99.Ne3 Kb3 100.Bc3 Ka4
101.Kc4 Ka3 102.Nc2+ Ka2 103.Kb4 Kb1 104.Kb3 Kc1 105.Ne3 Kb1 106.Bd2 Ka1
107.Nc2+ Kb1 108.Na3+ Ka1 109.Bc3+  1-0

[Event "URS-chT"]
[Site "Riga"]
[Date "1975.??.??"]
[Round "?"]
[White "Geldimamedov, Hodja"]
[Black "Usmanov, Y."]
[Result "1-0"]
[WhiteElo "2200"]
[BlackElo "2200"]

1.e4 g6 2.d4 Bg7 3.Nc3 d6 4.f4 c6 5.Nf3 Bg4 6.Be3 Nd7 7.Be2 b5 8.h3 Bxf3
9.Bxf3 Nb6 10.O-O Nc4 11.Bf2 Nxb2 12.Qe2 Qa5 13.Nd1 Nxd1 14.Raxd1 Rc8 15.e5 d5
16.f5 e6 17.fxe6 fxe6 18.Bg4 Rc7 19.Bxe6 Re7 20.Bxg8 Rxg8 21.Bh4 Rb7 22.Qg4  1-0

[Event "URS-chT"]
[Site "Riga"]
[Date "1975.??.??"]
[Round "?"]
[White "Vladimirov, Evgeny"]
[Black "Karner, Hillar"]
[Result "1/2-1/2"]
[WhiteElo "2450"]
[BlackElo "2395"]

1.e4 g6 2.d4 Bg7 3.Nc3 d6 4.Be2 c6 5.a4 Qb6 6.Nf3 a5 7.Ra3 Nd7 8.O-O Qc7
9.Be3 e5 10.dxe5 dxe5 11.Nd2 Bf8 12.Ra1 Ngf6 13.Nc4 Bc5 14.Qd2 O-O 15.Rfd1 Bb4
16.f3 Nh5 17.Bf1 Nf4 18.Qf2 Ne6 19.Rd2 Bc5 20.Rad1 Bxe3 21.Qxe3 Ndc5 22.b3 Bd7
23.Nb2 Rad8 24.Bc4 Bc8 25.Nd3 Nxd3 26.Bxe6 Bxe6 27.Rxd3 Rxd3 28.Rxd3 Rd8
29.Rxd8+ Qxd8 30.g3 Qd4 31.Kf2 Kf8 32.Ne2 Qxe3+ 33.Kxe3 Ke7 34.Nc1 Kd6 35.Nd3 b5
36.f4 f6 37.fxe5+ fxe5 38.Nb2 Bh3 39.Nd3 Be6 40.Kd2 h6 41.Kc3 Bh3 42.Kd2 Be6
43.Kc3 Bd7 44.Kd2 Be8 45.Kc3 g5 46.Kd2 Bf7 47.Kc3 Bg6 48.Nf2 Bh5 49.g4 Bg6
50.b4 axb4+ 51.Kxb4 bxa4 52.c4 a3 53.c5+ Ke7 54.Kxa3 h5 55.h3 h4 56.Kb4 Bf7
57.Ka5 Bc4 58.Kb6 Kd7 59.Kb7 Bf1  1/2-1/2

[Event "URS-chT"]
[Site "Riga"]
[Date "1975.??.??"]
[Round "?"]
[White "Vitolinsh, Alvis"]
[Black "Chikovani, Iuri"]
[Result "1-0"]
[WhiteElo "2430"]
[BlackElo "2200"]

1.e4 g6 2.d4 Bg7 3.Nc3 d6 4.f4 Nc6 5.Be3 Nf6 6.Be2 O-O 7.Nf3 Ng4 8.Bg1 e5
9.dxe5 dxe5 10.Qxd8 Rxd8 11.h3 Nf6 12.fxe5 Nd7 13.O-O-O Ndxe5 14.Nd5 Be6
15.Nxc7 Rxd1+ 16.Bxd1 Rd8 17.Nxe6 Bh6+ 18.Neg5 Nxf3 19.Bxf3 Bxg5+ 20.Kb1 Rd2
21.e5 Nxe5 22.Bxa7 Nxf3 23.gxf3 h5 24.a4 Bh4 25.a5 Kf8 26.b4 Be7 27.c3 Ke8
28.Re1 Kd7 29.Be3 Rd5 30.Kc2 Rf5 31.f4 Bd6 32.Kd3 Bxf4 33.Rf1 Bd6 34.Rxf5 gxf5
35.b5 Bg3 36.c4 Be1 37.Bb6 Bg3 38.c5 Kc8 39.c6 bxc6 40.bxc6 Be5 41.a6 Kb8
42.a7+ Ka8  1-0

[Event "Rimavska Sobota"]
[Site "Rimavska Sobota"]
[Date "1975.??.??"]
[Round "1"]
[White "Dietze, Wolfgang"]
[Black "Ghinda, Mihail Viorel"]
[Result "1/2-1/2"]
[WhiteElo "2280"]
[BlackElo "2300"]

1.d4 g6 2.e4 d6 3.Nc3 Bg7 4.Nf3 Nf6 5.h3 O-O 6.Bg5 c5 7.Qd2 cxd4 8.Nxd4 Nc6
9.Nb3 a5 10.a4 Be6 11.Bb5 Rc8 12.O-O Ne5 13.Qe3 Nc4 14.Bxc4 Bxc4 15.Rfd1 Qc7
16.Ra3 Rfe8 17.Bh6 Kh8 18.Qg5 b6 19.Qh4  1/2-1/2

[Event "Rimavska Sobota"]
[Site "Rimavska Sobota"]
[Date "1975.??.??"]
[Round "11"]
[White "Horvath, Tamas"]
[Black "Plachetka, Jan"]
[Result "0-1"]
[WhiteElo "2200"]
[BlackElo "2430"]

1.e4 g6 2.d4 d6 3.Nc3 Bg7 4.Bg5 Nd7 5.Qd2 c5 6.Nf3 h6 7.Be3 Ngf6 8.O-O-O Ng4
9.Bf4 cxd4 10.Nxd4 e5 11.Ndb5 exf4 12.Nxd6+ Kf8 13.Bb5 Nde5 14.h3 a6 15.Ba4 Nf6
16.Qxf4 Nh5 17.Qh2 Qg5+ 18.Kb1 Be6 19.Nd5 Bxd5 20.Rxd5 Nf4 21.Rdd1 Qf6 22.c3 Ned3
23.g3 Nxb2 24.gxf4 Qxc3 25.Rc1 Qd3+ 26.Bc2 Qxd6 27.e5 Qd4  0-1

[Event "Stary Smokovec"]
[Site "Stary Smokovec"]
[Date "1975.??.??"]
[Round "1"]
[White "Matas, Stanislav"]
[Black "Ftacnik, Lubomir"]
[Result "0-1"]
[WhiteElo "2200"]
[BlackElo "2200"]

1.e4 g6 2.d4 Bg7 3.Nc3 d6 4.Be3 c6 5.f3 Nd7 6.Qd2 b5 7.Nge2 Nb6 8.Nc1 Nf6
9.Bh6 O-O 10.Bd3 e5 11.Bxg7 Kxg7 12.N1e2 exd4 13.Nd1 c5 14.Ng3 a6 15.h4 d5
16.Nf2 Qc7 17.f4 dxe4 18.Ngxe4 Nxe4 19.Bxe4 Nc4 20.Qd3 Bb7 21.Bxb7 Qxb7 22.O-O-O Rae8
23.Rde1 Qxg2 24.Ne4 Rxe4 25.Qxe4 Qd2+ 26.Kb1 Qb4 27.Kc1 Qxb2+ 28.Kd1 Ne3+  0-1

[Event "SWE-ch"]
[Site "?"]
[Date "1975.??.??"]
[Round "?"]
[White "Falk, L."]
[Black "Liljedahl, Lennart"]
[Result "0-1"]
[WhiteElo "2200"]
[BlackElo "2325"]

1.e4 g6 2.d4 Bg7 3.Nc3 d6 4.Be3 Nf6 5.f3 c6 6.Qd2 Nbd7 7.h4 h5 8.Nh3 b5 9.a4 Qa5
10.b4 Qxb4 11.axb5 c5 12.Ra4 Qb2 13.Nf2 cxd4 14.Bxd4 Bh6 15.f4 e5 16.Nd3 Bxf4
17.Nxf4 exd4 18.Nd1 Qb1 19.Qxd4 O-O 20.Bd3 Qc1 21.O-O Ng4 22.Qxd6 Nde5 23.Qd4 Be6
24.Nf2 Qd2 25.Nxg4 Nxg4 26.Rxa7 Rxa7 27.Qxa7 Ne3 28.Ra1 Nd1 29.Nxe6 fxe6
30.Qe7 Qe3+ 31.Kh1 Nf2+ 32.Kh2 Ng4+ 33.Kh1 Qg3 34.Qxe6+ Kh8  0-1

[Event "SWE-ch"]
[Site "?"]
[Date "1975.??.??"]
[Round "?"]
[White "Falk, L."]
[Black "Schussler, Harry"]
[Result "0-1"]
[WhiteElo "2200"]
[BlackElo "2200"]

1.e4 g6 2.d4 Bg7 3.Nc3 d6 4.Bg5 c6 5.Qd2 Nd7 6.Nf3 b5 7.Bd3 Qc7 8.O-O Ngf6
9.Rfe1 e5 10.Rad1 O-O 11.Bh6 Bxh6 12.Qxh6 a6 13.dxe5 Nxe5 14.Ng5 Neg4 15.Qh4 h6
16.Nf3 Kg7 17.h3 Ne5 18.Nxe5 dxe5 19.Ne2 c5 20.c3 Bb7 21.Ng3 Rad8 22.Re3 Qb6
23.Rde1 Qe6 24.f4 Rfe8 25.f5 Qxa2 26.fxg6 fxg6 27.c4 Qxb2 28.Rf3 Rf8 29.Ref1 Rd6
30.Kh2 b4 31.Nh1 Qd2 32.Qg3 Re8 33.Qh4 Ree6 34.Nf2  0-1

[Event "SWE-ch"]
[Site "?"]
[Date "1975.??.??"]
[Round "?"]
[White "Bengtsson, Bo"]
[Black "Schussler, Harry"]
[Result "1/2-1/2"]
[WhiteElo "2200"]
[BlackElo "2200"]

1.e4 g6 2.d4 Bg7 3.Nc3 d6 4.f4 Nf6 5.Nf3 O-O 6.Bd3 Nc6 7.O-O Bg4 8.e5 dxe5
9.dxe5 Nd5 10.h3 Nxc3 11.bxc3 Be6 12.Ng5 Qd5 13.Be3 Rad8 14.Qe2 Na5 15.Rad1 Qc6
16.Bd4 Bc4 17.Qf2  1/2-1/2

[Event "Szolnok"]
[Site "Szolnok"]
[Date "1975.??.??"]
[Round "15"]
[White "Dely, Peter"]
[Black "Benko, Pal C"]
[Result "1/2-1/2"]
[WhiteElo "2445"]
[BlackElo "2515"]

1.e4 g6 2.d4 d6 3.Nc3 Bg7 4.Be2 Nf6 5.Nf3 O-O 6.O-O Bg4 7.Be3 Nc6 8.Qd2 e5
9.d5 Ne7 10.Rad1 Ne8 11.Bh6 Bxf3 12.Bxf3 f5 13.exf5 gxf5 14.Bxg7 Kxg7  1/2-1/2

[Event "Hoogovens-B"]
[Site "Wijk aan Zee"]
[Date "1975.??.??"]
[Round "3"]
[White "Enklaar, Bertus F"]
[Black "Vadasz, Laszlo"]
[Result "1/2-1/2"]
[WhiteElo "2410"]
[BlackElo "2460"]

1.e4 g6 2.d4 Bg7 3.Nc3 d6 4.Be3 c6 5.Qd2 b5 6.f3 Nd7 7.Nh3 Ngf6 8.Nf2 O-O
9.Be2 Bb7 10.O-O Qc7 11.Bh6 e5 12.Bxg7 Kxg7 13.dxe5 dxe5 14.Ncd1 Nc5 15.Ne3 Ne6
16.Rfd1 Rfd8 17.Qe1 Rxd1 18.Rxd1 Rd8 19.Nd3 Nd7 20.Qf2 f6 21.g3 Qb6 22.b4 Qa6
23.f4 exf4 24.Nxf4 Ndf8 25.Rf1 Nxf4 26.Qxf4 Nd7 27.a4 Rf8 28.Qd6 Rf7 29.a5 c5
30.bxc5 Qxa5 31.Nd5 Qa3 32.Nc7 Qxc5+ 33.Qxc5 Nxc5 34.Ne8+ Kh6 35.e5 Re7 36.Nxf6 Kg7
37.Bxb5 Rxe5 38.Ne8+ Kh6 39.Nd6 Re7 40.Ra1 Bd5 41.Nc8 Rc7 42.Nxa7 Ne6 43.Bd3 Nd4  1/2-1/2

[Event "Hoogovens-B"]
[Site "Wijk aan Zee"]
[Date "1975.??.??"]
[Round "5"]
[White "Ligterink, Gert"]
[Black "Vadasz, Laszlo"]
[Result "0-1"]
[WhiteElo "2365"]
[BlackElo "2460"]

1.e4 g6 2.d4 Bg7 3.Nc3 d6 4.f4 Nf6 5.Nf3 O-O 6.Be2 Na6 7.e5 Nd7 8.Be3 c5
9.exd6 exd6 10.Qd2 Nf6 11.O-O-O Qa5 12.Kb1 Bf5 13.Nh4 Nb4 14.Nxf5 Ne4 15.Ne7+ Kh8
16.Qe1 Nxc3+ 17.Qxc3 Qxa2+ 18.Kc1 Qe6 19.Qb3 Qxe7 20.dxc5 Rfe8 21.Bd2 dxc5
22.Bc4 Nc6 23.Bxf7 Nd4 24.Qa2 Qe4 25.Qc4 b5 26.Qd3 Qxd3 27.cxd3 Rf8 28.Bd5 Rad8
29.Be4 Ne2+ 30.Kc2 Nxf4 31.Ra1 Ne6 32.Be1 Rd7 33.Bg3 Nd4+ 34.Kb1 Nf5 35.Be1 Nd4
36.Ra6 b4 37.Bg3 b3 38.Bd6 Rf6  0-1

[Event "Hoogovens-B"]
[Site "Wijk aan Zee"]
[Date "1975.??.??"]
[Round "5"]
[White "Ciocaltea, Victor"]
[Black "Sznapik, Aleksander"]
[Result "1/2-1/2"]
[WhiteElo "2460"]
[BlackElo "2330"]

1.e4 g6 2.d4 Bg7 3.Nc3 d6 4.Be3 c6 5.Qd2 b5 6.f3 Nd7 7.h4 Ngf6 8.g4 Nb6 9.h5 a6
10.a4 Bb7 11.a5 Nbd7 12.h6 Bf8 13.g5 Nh5 14.Bh3 Qc7 15.Bg4 O-O-O 16.Nge2 e6
17.Bxh5 gxh5 18.Rxh5 Rg8 19.Nd1 Be7 20.Nf2 c5 21.c3 c4 22.Qc2 Rdf8 23.b4 cxb3
24.Qxb3 Kb8 25.f4 Ka8 26.Rh3 Nb8 27.Rg3 Nc6 28.Qa2 Bd8 29.c4 Nb4 30.Qd2 Qxc4  1/2-1/2

[Event "Hoogovens-B"]
[Site "Wijk aan Zee"]
[Date "1975.??.??"]
[Round "7"]
[White "Sigurjonsson, Gudmundur"]
[Black "Vadasz, Laszlo"]
[Result "1-0"]
[WhiteElo "2475"]
[BlackElo "2460"]

1.e4 g6 2.d4 Bg7 3.Nc3 d6 4.f4 Nf6 5.Nf3 O-O 6.Be3 c5 7.dxc5 Qa5 8.Bd3 Ng4
9.Bd2 Qxc5 10.Qe2 Nd7 11.Nd5 e6 12.Bb4 exd5 13.Bxc5 Nxc5 14.e5 dxe5 15.fxe5 Nxd3+
16.cxd3 d4 17.h3 Nxe5 18.Nxe5 Re8 19.O-O Rxe5 20.Qf3 Re7 21.Rac1 Be6 22.a3 Bh6
23.Rc5 a6 24.Qg3 Rd7 25.Rc7 Rad8 26.Rxd7 Rxd7 27.Qb8+ Kg7 28.Qe5+ Kg8 29.Rf6 Be3+
30.Kf1 Bc1 31.Rf2 Bh6 32.Rc2 Bf8 33.Rc8 Rd5 34.Rxf8+ Kxf8 35.Qb8+ Kg7 36.Qxb7 a5
37.b4 axb4 38.axb4 Kf6 39.b5 Rd7 40.Qc6 Ke7 41.Qc5+ Ke8 42.Kf2 h5 43.b6 Bd5
44.Qxd4 Kd8 45.Qc5 Ke8 46.g3  1-0

[Event "Hoogovens-B"]
[Site "Wijk aan Zee"]
[Date "1975.??.??"]
[Round "7"]
[White "Dieks, Roy G"]
[Black "Sznapik, Aleksander"]
[Result "1-0"]
[WhiteElo "2305"]
[BlackElo "2330"]

1.e4 g6 2.d4 Bg7 3.Nc3 d6 4.f4 a6 5.Nf3 b5 6.Bd3 Bb7 7.O-O Nd7 8.e5 c5 9.Ng5 Nh6
10.e6 Bxd4+ 11.Kh1 Nf8 12.f5 fxe6 13.fxg6 Kd7 14.gxh7 Qe8 15.Nxe6 Nxe6 16.Bxh6 b4
17.Na4 Kc7 18.c3 bxc3 19.bxc3 Be5 20.Rb1 Bc6 21.Qg4 Nf8 22.Bg7 Bxa4 23.Bxh8 Bxh8
24.Rxf8 Qxf8 25.Qxa4 Rb8 26.Rf1 Qh6 27.Qa5+ Kd7 28.Qxa6 Be5 29.h3 Kc7 30.Be4 Rb2
31.Qa7+ Kc8 32.Bf5+ e6 33.Bxe6+  1-0

[Event "Hoogovens-B"]
[Site "Wijk aan Zee"]
[Date "1975.??.??"]
[Round "13"]
[White "Ligterink, Gert"]
[Black "Bohm, Hans"]
[Result "0-1"]
[WhiteElo "2365"]
[BlackElo "2300"]

1.e4 g6 2.d4 Bg7 3.Nc3 d6 4.f4 Nf6 5.Nf3 c5 6.e5 Nfd7 7.exd6 O-O 8.Be3 exd6
9.Qd2 Nc6 10.O-O-O Qa5 11.Kb1 a6 12.f5 b5 13.Bh6 Nf6 14.fxg6 hxg6 15.Bxg7 Kxg7
16.dxc5 dxc5 17.Qd6 Be6 18.Qxc5 Rfd8 19.Bd3 Nd5 20.Nxd5 Rxd5 21.Qc3+ Qxc3
22.bxc3 Rad8 23.Rde1 Bf5 24.Bxf5 Rxf5 25.Rd1 Rfd5 26.Kc1 g5 27.h3 Kg6 28.Rxd5 Rxd5
29.Rd1 Ne7 30.Nd4 Nf5 31.Rd3 Re5 32.Nxf5 Kxf5 33.Rf3+ Kg6 34.Kd2 Re4 35.Kc1 Ra4
36.Kb2 f5 37.Rd3 Kh5 38.Rd4 Rc4 39.Kb3 f4 40.Rd6 Kh4 41.Rxa6 Kg3 42.a4 Rxa4
43.Rg6 Kxg2 44.Rxg5+ Kxh3 45.Rxb5 Re4 46.Rh5+ Kg4 47.Rh1 f3 48.c4 f2 49.Rf1 Kf3
50.Kb4 Kg2 51.Rxf2+ Kxf2 52.Kb5 Ke3 53.c5 Kd4 54.Kb6 Kd5 55.c6 Rb4+  0-1

[Event "Rovinj/Zagreb"]
[Site "Zagreb"]
[Date "1975.??.??"]
[Round "1"]
[White "Sax, Gyula"]
[Black "Keene, Raymond D"]
[Result "1/2-1/2"]
[WhiteElo "2510"]
[BlackElo "2505"]

1.e4 g6 2.d4 d6 3.Nc3 Bg7 4.f4 Nf6 5.Nf3 O-O 6.Bd3 Nc6 7.e5 dxe5 8.fxe5 Ne8
9.Be3 Bg4 10.Ne2 f6 11.exf6 Nxf6 12.Bc4+ Nd5 13.Qd2 Bxf3 14.gxf3 e6 15.f4 Nxe3
16.Qxe3 Nxd4  1/2-1/2

[Event "Rovinj/Zagreb"]
[Site "Zagreb"]
[Date "1975.??.??"]
[Round "4"]
[White "Nikolac, Juraj"]
[Black "Matulovic, Milan"]
[Result "0-1"]
[WhiteElo "2470"]
[BlackElo "2530"]

1.d4 g6 2.e4 d6 3.Nc3 Bg7 4.Nf3 Nf6 5.h3 O-O 6.Be2 c5 7.O-O cxd4 8.Nxd4 Nc6
9.Be3 Bd7 10.f4 Nxd4 11.Bxd4 Bc6 12.Bf3 Nd7 13.Bxg7 Kxg7 14.Kh1 Qb6 15.Rb1 Qc5
16.Qd2 a5 17.Rbe1 Rad8 18.Re3 Rfe8 19.Nd5 Rc8 20.Rc3 Qa7 21.Ra3 b6 22.h4 Bxd5
23.exd5 Qc7 24.Rc3 Qd8 25.Bg4 Rxc3 26.Qxc3+ Nf6 27.h5 gxh5 28.Bxh5 Qc8 29.Qg3+ Kh8
30.Bxf7 Rf8 31.Be6 Qxc2 32.Qf2 Qc5 33.Qf3 Qd4 34.Qc3 Qxc3 35.bxc3 Ne4 36.Rb1 Rb8
37.Rc1 Ng3+ 38.Kh2 Ne2 39.Rf1 Nxc3 40.a3 b5 41.Rf3 b4 42.axb4 axb4 43.Rh3 Rf8
44.Rf3 Ne4 45.Rb3 Rb8 46.Rh3 b3 47.Bf5 Nf6 48.g4 b2 49.g5 Nxd5 50.Rxh7+ Kg8
51.g6 Nxf4 52.Bb1 e6 53.Re7 d5 54.Kg3 Ne2+ 55.Kg4 Nc3 56.Bc2 b1=Q 57.Bxb1 Rxb1
58.Rxe6 Kg7 59.Rc6 Ne4  0-1

[Event "Rovinj/Zagreb"]
[Site "Zagreb"]
[Date "1975.??.??"]
[Round "9"]
[White "Matulovic, Milan"]
[Black "Keene, Raymond D"]
[Result "1-0"]
[WhiteElo "2530"]
[BlackElo "2505"]

1.e4 g6 2.d4 d6 3.Nc3 Bg7 4.f4 Nf6 5.Nf3 O-O 6.Bd3 Nc6 7.e5 dxe5 8.dxe5 Nd5
9.Bd2 Nb6 10.Qe2 Bg4 11.O-O-O Nd4 12.Qf2 c5 13.h3 Bxf3 14.gxf3 Nd5 15.Be4 Nxc3
16.Bxc3 Bh6 17.Bd2 f5 18.Bxb7 Rb8 19.Ba6 Qd5 20.b3 Qxf3 21.Qh4 Bg7 22.Qxe7 Qc6
23.Qd6 Qxd6 24.exd6 Rfd8 25.Ba5 Rxd6 26.Bc4+ Kf8 27.Bc7 Rdb6 28.c3 Nc6 29.Bxb8 Rxb8
30.Rd7 Bxc3 31.Rf7+ Ke8 32.Rxh7 Ne7 33.Kc2 Bf6 34.Rd1 Rb6 35.Bf7+  1-0

[Event "Capablanca mem-A 13th"]
[Site "Cienfuegos"]
[Date "1976.05.18"]
[Round "2"]
[White "Razuvaev, Yuri S"]
[Black "Vogt, Lothar"]
[Result "1-0"]
[WhiteElo "2495"]
[BlackElo "2480"]

1.e4 g6 2.d4 Bg7 3.Nc3 d6 4.Nf3 Nf6 5.Be2 O-O 6.O-O c6 7.h3 Qc7 8.Bf4 Nh5
9.Bh2 e5 10.a4 Nd7 11.Qd2 h6 12.Rfd1 Re8 13.a5 Nf8 14.Bc4 Qe7 15.dxe5 dxe5
16.Qd6 Be6 17.Bxe6 Qxe6 18.Qxe6 Rxe6 19.Na4 Nf4 20.Nc5 Re7 21.Ra3 N4e6 22.Nxe6 Rxe6
23.Rb3 Re7 24.Rd6 Ne6 25.a6 b6 26.Bxe5 Nc5 27.Bxg7 Kxg7 28.Ra3 Rxe4 29.Rxc6 Rd8
30.Rc7 Rd1+ 31.Kh2 Rd7 32.Rxd7 Nxd7 33.c3 Nc5 34.Nd4 Re7 35.b4 Ne4 36.c4 Nxf2
37.c5 bxc5 38.bxc5 Ne4 39.c6 Nc5 40.Nb5 Ne6 41.Re3 Re8 42.Nd6  1-0

[Event "Capablanca mem-A 13th"]
[Site "Cienfuegos"]
[Date "1976.05.22"]
[Round "6"]
[White "Sigurjonsson, Gudmundur"]
[Black "Vogt, Lothar"]
[Result "1-0"]
[WhiteElo "2530"]
[BlackElo "2480"]

1.e4 g6 2.d4 Bg7 3.Nc3 d6 4.f4 Nf6 5.Nf3 c5 6.Bb5+ Bd7 7.e5 Ng4 8.h3 cxd4
9.Qxd4 dxe5 10.Qd5 e4 11.Ng5 Nh6 12.Qxb7 Bxc3+ 13.bxc3 Bxb5 14.Qxa8 Bc6 15.Qxa7 O-O
16.g4 Qd5 17.Ba3 Rd8 18.Qd4 Qa5 19.Qc5 Qa4 20.Rd1 Re8 21.Rh2 Nd7 22.Qb4 Qa7
23.Re2 Qg1+ 24.Kd2 Qg3 25.Rf1 Nf6 26.Qc5 Bb7 27.Qe3 Qxe3+ 28.Rxe3 e6 29.c4 Ba6
30.Nxe4 Nxe4+ 31.Rxe4 f5 32.gxf5 Nxf5 33.Rb1 Kf7 34.Rb6 Bc8 35.c5 Rd8+ 36.Kc1 Ng3
37.Ra4 Ne2+ 38.Kb2 Rd5 39.Ra8 Bd7 40.c6 Bxc6 41.Rxc6 Rb5+ 42.Ka1 Nd4 43.Rc7+  1-0

[Event "Capablanca mem-A 13th"]
[Site "Cienfuegos"]
[Date "1976.05.23"]
[Round "7"]
[White "Gulko, Boris F"]
[Black "Sznapik, Aleksander"]
[Result "1-0"]
[WhiteElo "2530"]
[BlackElo "2390"]

1.e4 g6 2.d4 Bg7 3.Nc3 d6 4.Nge2 Nf6 5.g3 O-O 6.Bg2 e5 7.O-O c6 8.a4 a5 9.h3 Na6
10.Bg5 Nb4 11.Qd2 Be6 12.Nd1 Re8 13.c3 Na6 14.Ne3 Nxe4 15.Bxe4 Qxg5 16.Bg2 Nc7
17.h4 Qh5 18.Rae1 d5 19.f4 e4 20.f5 gxf5 21.Nf4 Qh6 22.Bh3 Qf6 23.Bxf5 Bxf5
24.Nh5 Qg6 25.Rxf5 Bh6 26.Ref1 Kh8 27.Qe2 Ne6 28.Kh2 Bxe3 29.Qxe3 Re7 30.Re5 f5
31.Rexf5 Rg8 32.Nf6 Rd8 33.Rh5 Rf8 34.Rh6 Rxf6 35.Rxf6 Qg4 36.Rfg6 Qf5  1-0

[Event "Capablanca mem-C 13th"]
[Site "Cienfuegos"]
[Date "1976.06.01"]
[Round "16"]
[White "Delgado, Alberto"]
[Black "Boudy, Julio"]
[Result "0-1"]
[WhiteElo "2260"]
[BlackElo "2395"]

1.e4 g6 2.d4 Bg7 3.Nc3 d6 4.Bc4 Nf6 5.f4 O-O 6.e5 Nfd7 7.e6 Nb6 8.exf7+ Kh8
9.Bb3 Nc6 10.Be3 Na5 11.h4 Nbc4 12.h5 Bf5 13.Bf2 Qd7 14.Nf3 Qe6+ 15.Qe2 Qxe2+
16.Nxe2 gxh5 17.Ng3 Bg4 18.Ng5 Bf6 19.N5e4 d5 20.Nxf6 exf6 21.Bxc4 Nxc4 22.b3 Nd6
23.Kd2 Rxf7 24.Rae1 Kg7 25.Kd3 b5 26.Nxh5+ Bxh5 27.Rxh5 Ne4 28.Be3 f5 29.Reh1 Kh8
30.R1h4 Rg8 31.g4 Nd6 32.g5 Rg6 33.Rh6 Rxh6 34.Rxh6 Kg7 35.Re6 Rd7 36.Re5 Nf7
37.Rxf5 Rd6 38.c4 c6 39.cxd5 cxd5 40.Kc3 Kg6 41.Rf6+ Rxf6 42.gxf6 a5 43.a4 b4+
44.Kd3 Kxf6 45.Bf2 Kf5 46.Ke3 Nd8 47.Bh4 Nc6 48.Bg5 h5 49.Bh4 Kg4 50.Bf6 h4
51.Be5 Ne7 52.Bc7 Nf5+ 53.Kf2 Nxd4 54.Bxa5 Nc6 55.Bc7 h3 56.f5 Kxf5 57.a5 Ke4  0-1

[Event "BCF-ch"]
[Site "Portsmouth"]
[Date "1976.08.09"]
[Round "1"]
[White "Botterill, George Steven"]
[Black "Ludgate, Alan"]
[Result "1-0"]
[WhiteElo "2390"]
[BlackElo "2255"]

1.e4 g6 2.d4 Bg7 3.Nc3 d6 4.Nf3 Nf6 5.Be2 O-O 6.O-O c6 7.a4 a5 8.Re1 Qc7
9.Bf4 Nbd7 10.e5 dxe5 11.Nxe5 Nxe5 12.dxe5 Nd5 13.Nxd5 cxd5 14.Bb5 e6 15.Ra3 Bd7
16.Bxd7 Qxd7 17.c4 Rfc8 18.cxd5 Qxd5 19.Qxd5 exd5 20.Rd3 Rc4 21.Bd2 Rxa4
22.Rxd5 Bf8 23.Rb5 Bb4 24.Bxb4 Rxb4 25.Rxb4 axb4 26.g3 Ra5 27.Re4 Rb5 28.Kf1 Kf8
29.Ke2 Ke7 30.f4 Ke6 31.Rd4 Rb6 32.Ke3 h5 33.Ke4 b3 34.h3 f6 35.exf6 Kxf6
36.g4 hxg4 37.hxg4 Ke6 38.Kd3 Rc6 39.Rb4 Rc2 40.Rxb3 Rg2 41.Rb6+ Kd5 42.Rxg6 Rxb2
43.Rg5+ Ke6 44.Kc4 Rb1 45.Re5+ Kf7 46.Kd4 Rb4+ 47.Ke3 b5 48.g5 Kg6 49.Re6+ Kf7
50.Rb6 Rb1 51.Ke4 b4 52.Kf5 b3 53.g6+  1-0

[Event "BCF-ch"]
[Site "Portsmouth"]
[Date "1976.08.12"]
[Round "4"]
[White "Horner, Jeff"]
[Black "Botterill, George Steven"]
[Result "1-0"]
[WhiteElo "2405"]
[BlackElo "2390"]

1.e4 g6 2.d4 Bg7 3.Nc3 d6 4.Nf3 Nf6 5.Be2 O-O 6.O-O c6 7.a4 a5 8.h3 Na6 9.Be3 h6
10.Qd2 Kh7 11.Nh2 Ng8 12.f4 f5 13.Rad1 Nb4 14.g4 Nf6 15.exf5 gxf5 16.g5 Nfd5
17.Nxd5 Nxd5 18.Kh1 Qb6 19.c4 Nxe3 20.Qxe3 e5 21.fxe5 dxe5 22.gxh6 Bf6 23.Ng4 Bh8
24.c5 Qd8 25.Nxe5 Be6 26.Kh2 Rf6 27.Bd3 Qc7 28.Rg1 Rxh6 29.Rg5 Rf8 30.Rdg1 b6
31.Qg3 Bf6 32.Rg6 Bxe5 33.Rxh6+ Kxh6 34.dxe5 Qf7 35.Qg5+  1-0

[Event "Agard"]
[Site "Agard"]
[Date "1976.??.??"]
[Round "7"]
[White "Prandstetter, Eduard"]
[Black "Hazai, Laszlo"]
[Result "0-1"]
[WhiteElo "2365"]
[BlackElo "2430"]

1.e4 g6 2.d4 Bg7 3.Nc3 d6 4.f4 Nc6 5.Nf3 Bg4 6.Be3 Bxf3 7.gxf3 d5 8.Bb5 e6
9.Qd2 Ne7 10.O-O-O Qd7 11.f5 O-O-O 12.fxe6 fxe6 13.Qe2 a6 14.Na4 Qd6 15.e5 Nxe5
16.dxe5 Qb4 17.Bxa6 Qxa4 18.Bb5 Qxa2 19.c3 c6 20.Bd3 Kd7 21.Bg5 Ra8 22.Bb1 Qb3
23.Bc2 Qb6 24.Kd2 Ra2 25.Rb1 Nf5 26.Bxf5 gxf5 27.Kc2 Bf8 28.Be3 Qa5 29.Rhg1 Kc8
30.Rg3 f4 31.Bxf4 Qa4+ 32.Kd3 Qxf4 33.Qg2 Qf5+  0-1